[Event "North American-ch U10"]
[Site "Montreal"]
[Date "2010.08.17"]
[Round "3"]
[White "Wang, Eric"]
[Black "Gugel, Brett"]
[Result "0-1"]
[WhiteElo "933"]
[BlackElo "1352"]
[PlyCount "118"]
[EventDate "2010.08.16"]
[EventType "swiss"]
[EventRounds "7"]
[EventCountry "CAN"]
[SourceTitle "EXT 2013"]
[Source "ChessBase"]
[SourceDate "2012.11.22"]
[SourceVersion "1"]
[SourceVersionDate "2012.11.22"]
[SourceQuality "1"]

1. e4 d6 2. d4 Nf6 3. Nc3 Nbd7 4. Nf3 e5 5. dxe5 dxe5 6. Bg5 Be7 7. Bc4 c6 8. h3 0-0 9. Qd2 Qc7 10. a3 Nc5 11. Qe3 Be6 12. Ba2 Bxa2 13. Bxf6 Bxf6 14. Nxa2 Ne6 15. Nc3 Rad8 16. 0-0 Nd4 17. Nxd4 exd4 18. Qe2 dxc3 19. b3 Rd2 20. Qg4 Rxc2 21. f4 Bd4+ 22. Kh1 Qe7 23. Rae1 Bf2 24. Re2 Rxe2 25. Qxe2 Bb6 26. Rf3 Qxa3 27. Qc4 Qc5 28. Qxc5 Bxc5 29. Rxc3 Bb6 30. Rd3 Rd8 31. Rxd8+ Bxd8 32. Kg1 Bb6+ 33. Kf1 Kf8 34. Ke2 Ke7 35. Kd3 g6 36. g4 Kd6 37. Kc4 Be3 38. f5 gxf5 39. exf5 f6 40. Kd3 Bg5 41. Kd4 c5+ 42. Ke4 b5 43. Kd3 Kd5 44. Kc3 a5 45. Kd3 c4+ 46. bxc4+ bxc4+ 47. Kc3 Kc5 48. Kc2 Kd4 49. h4 Bxh4 50. Kd2 a4 51. Kc2 c3 52. g5 Bxg5 53. Kb1 Kd3 54. Ka2 c2 55. Ka3 c1Q+ 56. Kxa4 Qb1 57. Ka5 Kc4 58. Ka6 Be3 59. Ka5 Qb5# 0-1

[Event "CAN-ch U10"]
[Site "Windsor"]
[Date "2010.07.08"]
[Round "5"]
[White "Kassam, Jamil"]
[Black "Gugel, Brett"]
[Result "1-0"]
[WhiteElo "1786"]
[BlackElo "1408"]
[PlyCount "119"]
[EventDate "2010.07.06"]
[EventType "swiss"]
[EventRounds "7"]
[EventCountry "CAN"]
[SourceTitle "EXT 2012"]
[Source "ChessBase"]
[SourceDate "2011.11.24"]
[SourceVersion "1"]
[SourceVersionDate "2011.11.24"]
[SourceQuality "1"]

1. e4 d6 2. d4 Nf6 3. Nc3 c6 4. Nf3 Nbd7 5. Be2 e5 6. dxe5 dxe5 7. 0-0 Be7 8. Bg5 Qc7 9. Bc4 0-0 10. Qe2 Re8 11. Rad1 Nf8 12. h3 h6 13. Be3 Ng6 14. Rfe1 Nh5 15. Qf1 Nhf4 16. Ne2 Ne6 17. Rd2 Nc5 18. Nc3 a6 19. Red1 b5 20. Bd3 Be6 21. a3 Nb7 22. a4 b4 23. Ne2 a5 24. Ng3 Bc5 25. Bxc5 Nxc5 26. Bc4 Rad8 27. Bxe6 Nxe6 28. Qc4 Rxd2 29. Rxd2 Rd8 30. Rxd8+ Nxd8 31. Qd3 Ne6 32. Nf5 Nc5 33. Qd6 Qxd6 34. Nxd6 Nxa4 35. Nc4 c5 36. b3 Nc3 37. Nfxe5 Nxe5 38. Nxe5 Nxe4 39. Nc4 Kf8 40. Nxa5 Nd2 41. Nb7 Nb1 42. Kf1 Na3 43. Nxc5 Nxc2 44. Ke2 Nd4+ 45. Kd3 Nf5 46. Kc4 Nh4 47. g3 Nf5 48. Kxb4 Ke7 49. Kc4 Kd6 50. b4 Kc6 51. b5+ Kb6 52. Na4+ Ka5 53. Kc5 Kxa4 54. b6 Nxg3 55. fxg3 g5 56. b7 f5 57. b8Q Ka3 58. Kc4 Ka2 59. Kc3 f4 60. Qb2# 1-0

[Event "CAN-ch U10"]
[Site "Windsor"]
[Date "2010.07.07"]
[Round "4"]
[White "Cao, Jason"]
[Black "Gugel, Brett"]
[Result "1-0"]
[WhiteElo "1398"]
[BlackElo "1408"]
[PlyCount "85"]
[EventDate "2010.07.06"]
[EventType "swiss"]
[EventRounds "7"]
[EventCountry "CAN"]
[SourceTitle "EXT 2012"]
[Source "ChessBase"]
[SourceDate "2011.11.24"]
[SourceVersion "1"]
[SourceVersionDate "2011.11.24"]
[SourceQuality "1"]

1. d4 d6 2. c4 Nf6 3. Nc3 c6 4. Nf3 Nbd7 5. g3 e5 6. e4 Be7 7. Bg2 Qc7 8. 0-0 0-0 9. h3 Re8 10. Re1 Nf8 11. Be3 Ng6 12. d5 c5 13. a3 h6 14. Qd3 a6 15. b4 b6 16. Reb1 Nh7 17. a4 Rb8 18. Rb2 Rf8 19. Rab1 Bd7 20. Kh2 f5 21. Ne1 Ng5 22. h4 Nxe4 23. Nxe4 fxe4 24. Bxe4 Nh8 25. Bh7+ Kf7 26. b5 a5 27. f4 exf4 28. Bxf4 Ke8 29. Nf3 Bg4 30. Re1 Kd8 31. Rbe2 Bf6 32. Bg6 Nxg6 33. Qxg6 Bd7 34. Nd2 Kc8 35. Ne4 Be8 36. Nxd6+ Qxd6 37. Rxe8+ Qd8 38. Bxb8 Kxb8 39. Rxd8+ Rxd8 40. Re8 Rxe8 41. Qxe8+ Kc7 42. Qc6+ Kd8 43. Qxb6+ 1-0

[Event "CAN-ch U08"]
[Site "Victoria"]
[Date "2009.07.21"]
[Round "2"]
[White "Gugel, Brett"]
[Black "McCullough, Ian"]
[Result "1/2-1/2"]
[WhiteElo "1308"]
[BlackElo "969"]
[PlyCount "58"]
[EventDate "2009.07.21"]
[EventType "swiss"]
[EventRounds "7"]
[EventCountry "CAN"]
[SourceTitle "EXT 2011"]
[Source "ChessBase"]
[SourceDate "2010.11.26"]
[SourceVersion "1"]
[SourceVersionDate "2010.11.26"]
[SourceQuality "1"]

1. e4 e6 2. d4 d5 3. e5 c5 4. c3 Nc6 5. Nf3 Qb6 6. Bd3 Bd7 7. Bc2 Nge7 8. dxc5 Qxc5 9. Be3 Qb5 10. b3 Qa5 11. b4 Qc7 12. Bf4 Nf5 13. Bxf5 exf5 14. Qxd5 Be6 15. Qd1 Rd8 16. Qe2 Be7 17. 0-0 0-0 18. Rd1 Rxd1+ 19. Qxd1 Rd8 20. Qe1 Qd7 21. Na3 a5 22. Nc2 axb4 23. cxb4 Qd3 24. b5 Qxc2 25. bxc6 Qxc6 26. Bg5 Bxg5 27. Nxg5 Bd5 28. Rd1 Qg6 29. Nf3 Qc6 1/2-1/2

[Event "CAN-ch U08"]
[Site "Quebec"]
[Date "2008.07.15"]
[Round "4"]
[White "Gagne, Eric"]
[Black "Gugel, Brett"]
[Result "0-1"]
[WhiteElo "951"]
[BlackElo "1176"]
[PlyCount "84"]
[EventDate "2008.07.14"]
[EventType "swiss"]
[EventRounds "7"]
[EventCountry "CAN"]
[SourceTitle "EXT 2011"]
[Source "ChessBase"]
[SourceDate "2010.11.26"]
[SourceVersion "1"]
[SourceVersionDate "2010.11.26"]
[SourceQuality "1"]

1. e4 e5 2. Nf3 Nc6 3. Bc4 Bc5 4. d3 d6 5. Ng5 Qf6 6. 0-0 Be6 7. Bxe6 fxe6 8. Nxe6 Qxe6 9. Qh5+ g6 10. Qf3 0-0-0 11. Nc3 Nf6 12. Nb5 d5 13. Nxa7+ Nxa7 14. Bg5 dxe4 15. dxe4 Rhf8 16. b4 Bxb4 17. Rfd1 Rxd1+ 18. Rxd1 Ng4 19. Qd3 Nc6 20. Qb5 h6 21. Bd2 Bxd2 22. Rxd2 Rd8 23. Rxd8+ Kxd8 24. Qd3+ Qd7 25. Qxd7+ Kxd7 26. h3 Nf6 27. g4 Nxe4 28. f3 Nc3 29. a3 Nd4 30. a4 Nxc2 31. a5 e4 32. fxe4 Nxe4 33. h4 Na3 34. h5 gxh5 35. gxh5 Nc4 36. a6 bxa6 37. Kf1 a5 38. Kg1 a4 39. Kf1 a3 40. Kg1 a2 41. Kf1 a1Q+ 42. Kg2 Qa3 0-1